| 000 | 01376nam a2200217Ia 4500 | ||
|---|---|---|---|
| 003 | Ost | ||
| 005 | 20260507075339.0 | ||
| 008 | 260507s9999||||xx |||||||||||||| ||und|| | ||
| 020 | _a9789957067557 | ||
| 040 | _cfsecg | ||
| 041 | _aara | ||
| 082 | _a330 | ||
| 100 |
_aالعبدلي، سمير عبد الرزاق _eمؤلف |
||
| 245 | 0 |
_aوسائل الترويج التجاري : _bمدخل تحليلي متكامل / _c سمير عبد الرزاق العبدلي |
|
| 260 |
_aعمان: _bدار المسيرة, _c2011 |
||
| 300 |
_a263 صفحة؛ _bإيضاحات ؛ _c25 سم |
||
| 520 | _aالترويج و عناصر المزيج الترويجيو مراحل نشوء و تطور الاعلان و اهدافه و إدارة الاعلان و تخطيط الحملة الاعلانية ووسائل الاعلان ، البيع الشخصي و ترويج المبيعات و الدعاية و العلاقات العامة و تحرير الدعوة الاعلانية و تصميم الاعلان و تقييم فاعليةته و بحوث الاعلان ، الترويج في الاسواق الدولية و الاعلان عبر الانترنيت و علاقة الاعلان بالسلوك الاستهلاكي و الاهداف النفسية الخاصة بالاعلان | ||
| 653 | _aالاعلان | ||
| 653 | _aالتسويق | ||
| 942 | _cكتاب | ||
| 999 |
_c44074 _d44074 |
||